ბათუმის შოთა რუსთაველის სახელმწიფო უნივერსიტეტის ბიბლიოთეკა

Zur Orientierung : (ბიბ.ჩანაწერი № 41178)

000 -LEADER
fixed length control field 00621nam a2200217Ia 4500
001 - CONTROL NUMBER
control field 7829
003 - CONTROL NUMBER IDENTIFIER
control field GE_BSU
005 - DATE AND TIME OF LATEST TRANSACTION
control field 20220926161546.0
008 - FIXED-LENGTH DATA ELEMENTS--GENERAL INFORMATION
fixed length control field 181216s2013en xx |||||||||||||| ||eng||
020 ## - INTERNATIONAL STANDARD BOOK NUMBER
International Standard Book Number 9783190014996
040 ## - CATALOGING SOURCE
Transcribing agency GE_BSU
041 ## - LANGUAGE CODE
Language code of text/sound track or separate title ger
080 ## - UNIVERSAL DECIMAL CLASSIFICATION NUMBER
Universal Decimal Classification number 325.2 G-14
100 ## - MAIN ENTRY--PERSONAL NAME
Personal name Gaidosch, Ulrike
9 (RLIN) 14820
245 ## - TITLE STATEMENT
Title Zur Orientierung :
Remainder of title Basiswissen Deutschland /
Statement of responsibility, etc. Ulrike Gaidosch
264 ## - PRODUCTION, PUBLICATION, DISTRIBUTION, MANUFACTURE, AND COPYRIGHT NOTICE
Place of production, publication, distribution, manufacture Hueben Verlag :
Name of producer, publisher, distributor, manufacturer GmbH & Go
Date of production, publication, distribution, manufacture, or copyright notice 2013.
300 ## - PHYSICAL DESCRIPTION
Extent 80 p.:
Other physical details Ill.
Dimensions 28 cm.
653 ## - INDEX TERM--UNCONTROLLED
keyword Zur Orientierung : Basiswissen Deutschland
653 ## - INDEX TERM--UNCONTROLLED
keyword საბაზისო ცოდნა
942 ## - ADDED ENTRY ELEMENTS (KOHA)
Koha item type წიგნი
Source of classification or shelving scheme
ეგზემპლარები
Withdrawn status Lost status Source of classification or shelving scheme Damaged status Not for loan Permanent Location Current Location Shelving location Date acquired Cost, normal purchase price Full call number Barcode Date last seen Copy number Price effective from Koha item type Public note
          ბათუმის შოთა რუსთაველის სახელმწიფო უნივერსიტეტის მთავარი ბიბლიოთეკა ბათუმის შოთა რუსთაველის სახელმწიფო უნივერსიტეტის მთავარი ბიბლიოთეკა წიგნსაცავი 2018-12-17 43.00 325.2 G-14 24185 2018-12-17 24185 2018-12-17 წიგნი 43gel.